La ética jesuita y el espíritu del desarrollo /
En este artículo se analiza el proceso de constitución del Programa de Desarrollo y Paz del Magdalena Medio (Colombia). Se desarrolla una reconstrucción socio-histórica articulada en dos ejes: uno, la comprensión de los incentivos que impulsaron a una burocracia religiosa (clérigos jesuitas) a asumi...
Guardado en:
| Hovedforfatter: | |
|---|---|
| Format: | Texto |
| Fag: | |
| Tags: |
Tilføj Tag
Ingen Tags, Vær først til at tagge denne postø!
|
MARC
| LEADER | 00000 a a2200000 04500 | ||
|---|---|---|---|
| 001 | 40389 | ||
| 003 | |||
| 040 | |||
| 100 | |a Salej Higgins, Silvio | ||
| 245 | |a La ética jesuita y el espíritu del desarrollo / |c Silvio Salej Higgins | ||
| 500 | |a sisahi@yahoo.com | ||
| 520 | |a En este artículo se analiza el proceso de constitución del Programa de Desarrollo y Paz del Magdalena Medio (Colombia). Se desarrolla una reconstrucción socio-histórica articulada en dos ejes: uno, la comprensión de los incentivos que impulsaron a una burocracia religiosa (clérigos jesuitas) a asumir la conducción de una propuesta de desarrollo en una región de agudos conflictos políticos, y dos, la identificación de las causas racionales que guían la propuesta del "desarrollo en caliente" lanzada por la dirigencia jesuítica | ||
| 590 | |a RRH/FEBRERO2011 | ||
| 650 | |a 1.PROPIEDAD TERRITORIAL | ||
| 650 | |a 2.POLITICA | ||
| 650 | |a 3.CONFLICTOS POLITICOS | ||
| 650 | |a 4.PETROLEO | ||
| 650 | |a 5.GRUPOS RELIGIOSOS | ||
| 773 | |g volumen71, número4 ( , 2009), páginas 737-768 | ||
| 999 | |c 27054 |d 27054 | ||
